000 00475nam a2200181Ia 4500
003 GCL
008 140319s9999 xx 000 0 aRus d
040 _aGCL /
_cGCL
082 0 4 _a708.46
_bM C
100 1 _aMUSEO, PRADO DEL
245 1 0 _aCOLLECTION CAMBO /
_cMUSEO, PRADO DEL
260 _a[S.N] :
_bMINISTERIO DE CULTURA ،
_c1990
300 _a541 P
650 0 4 _aPAINTERS AND PAINTINGS
650 0 4 _aCAMBO, FRANCISCO
650 0 4 _aMUSEUM - PRADO
942 _2ddc
_cBK
999 _c13912
_d13912